El destierro de los jesuitas mexicanos y la formación de la conciencia de nacionalidad /

-д хадгалсан:
Номзүйн дэлгэрэнгүй
Үндсэн зохиолч: Pérez Alonso, Manuel Ignacio (autor)
Формат: Ном
Хэл сонгох:испани
Хэвлэсэн: México : Universidad Iberoamericana, 1987, c1987
Шошгууд: Шошго нэмэх
Шошго байхгүй, Энэхүү баримтыг шошголох эхний хүн болох!

MARC

LEADER 00000nam^a2200000^a^4500
001 000626958
005 20260306000000.0
009 20260407175328.524
037 |a Acervo Xavier Clavigero 
041 |a ESP 
091 |a FHG. 00903 
100 |a Pérez Alonso, Manuel Ignacio  |e (autor) 
245 1 3 |a El destierro de los jesuitas mexicanos y la formación de la conciencia de nacionalidad / 
264 4 |a México :  |b Universidad Iberoamericana,  |c 1987, c1987 
300 |a 31 p. 
336 |a texto  |b txt  |2 rdacontenido 
337 |a sin mediación  |b n  |2 rdamedio 
338 |a volumen  |b nc  |2 rdasoporte 
649 |a XX 
910 |a Fondo Humberto García Bedoy S.J. 
920 |a Impresos - Libros 
930 |a Fondos Especiales 
905 |a 148 
901 |a 626958-10  |b IT2  |c ESP  |i D  |u 20260129 
901 |a 626958-20  |b IT2  |c ESP  |i D  |u 20260306 
902 |a https://opac.biblio.iteso.mx/vufind/Record/000626958